सभा जिंकणारी प्रभावी भाषणे कशी कराल? (Record no. 439780)

MARC details
000 -LEADER
fixed length control field 00627nam a2200145Ia 4500
008 - FIXED-LENGTH DATA ELEMENTS--GENERAL INFORMATION
fixed length control field 100122s9999 xx 000 0 und d
082 ## - DEWEY DECIMAL CLASSIFICATION NUMBER
Item number 67979
Classification number 808.5
100 ## - MAIN ENTRY--PERSONAL NAME
Personal name कुलकर्णी राम
245 ## - TITLE STATEMENT
Title सभा जिंकणारी प्रभावी भाषणे कशी कराल?
260 ## - PUBLICATION, DISTRIBUTION, ETC. (IMPRINT)
Name of publisher, distributor, etc नीता प्रकाशन
Date of publication, distribution, etc 1995
300 ## - PHYSICAL DESCRIPTION
Extent 155
630 ## - SUBJECT ADDED ENTRY--UNIFORM TITLE
Uniform title सभा जिंकणारी प्रभावी भाषणे कशी कराल?
730 ## - ADDED ENTRY--UNIFORM TITLE
Uniform title सभा जिंकणारी प्रभावी भाषणे कशी कराल?
942 ## - ADDED ENTRY ELEMENTS (KOHA)
Koha item type Book
Holdings
Withdrawn status Lost status Damaged status Not for loan Home library Current library Date acquired Cost, normal purchase price Total Checkouts Full call number Barcode Date last seen Cost, replacement price Price effective from Koha item type Public note
        S.V. Pathak Library, Vile Parle S.V. Pathak Library, Vile Parle 08/12/2005 50.00   67979 SVPPARLE-67979 01/25/2010 50.00 01/25/2010 Book General NA